Implikácie legislatívnych zmien na podnikanie v SR zborník abstraktov z vedeckého seminára KPH : Jarabá, 3.-4. mája 2012

Uložené v:
Podrobná bibliografia
Korporácia: Implikácie legislatívnych zmien na podnikanie v SR. Vedecký seminár, Fakulta podnikového manažmentu EU. Katedra podnikovohospodárska
Ďalší autori: Grisáková, Nora, 1978-, Kintler, Jakub, 1979-, Štetka, Peter, 1986-
Médium: Kniha
Jazyk:Slovak
Vydavateľské údaje: Bratislava Vydavateľstvo EKONÓM 2012
Predmet:
Tagy: Pridať tag
Žiadne tagy, Buďte prvý, kto otaguje tento záznam!

MARC

LEADER 00000nlm a2200000 4500
001 0156579
005 20240603075958.3
020 |a 978-80-225-3442-0 
041 0 |a slo 
044 |a SK 
245 1 0 |a Implikácie legislatívnych zmien na podnikanie v SR  |b zborník abstraktov z vedeckého seminára KPH : Jarabá, 3.-4. mája 2012  |c redakčné a zostavovateľské práce: Nora Grisáková, Jakub Kintler, Peter Štetka 
264 1 |a Bratislava  |b Vydavateľstvo EKONÓM  |c 2012 
300 |a CD-ROM [27 s.] 
610 2 0 |a podnikanie 
610 2 0 |a legislatíva 
610 2 0 |a Slovensko 
610 2 0 |a dane 
610 2 0 |a správanie spotrebiteľa 
700 1 |a Grisáková, Nora, 1978- 
700 1 |a Kintler, Jakub, 1979- 
700 1 |a Štetka, Peter, 1986- 
110 2 |a Implikácie legislatívnych zmien na podnikanie v SR. Vedecký seminár 
710 2 |a Fakulta podnikového manažmentu EU. Katedra podnikovohospodárska